Catálogo
 En Linea

Cómo controlar los pensamientos / (Registro nro. 6387)

Detalles MARC
000 -CABECERA
campo de control de longitud fija 00515nam a2200157 a 4500
001 - NÚMERO DE CONTROL
campo de control 000006596
005 - FECHA Y HORA DE LA ÚLTIMA TRANSACCIÓN
campo de control 20200929153946.0
008 - DATOS DE LONGITUD FIJA--INFORMACIÓN GENERAL
campo de control de longitud fija 090901s1999 dr a r 000 0 spa d
040 ## - FUENTE DE LA CATALOGACIÓN
Centro catalogador/agencia de origen DO-SdBNP
Lengua de catalogación spa
Centro/agencia transcriptor BNPHU
082 ## - NÚMERO DE LA CLASIFICACIÓN DECIMAL DEWEY
Número de clasificación xxx
Número de documento/Ítem V648c
100 1# - ENTRADA PRINCIPAL--NOMBRE DE PERSONA
Nombre de persona Féliz Vidal, Octavio
9 (RLIN) 18303
245 10 - MENCIÓN DE TÍTULO
Título Cómo controlar los pensamientos /
Mención de responsabilidad, etc. Octavio Féliz Vidal ; prólogo Alejandro Arvelo.
260 ## - PUBLICACIÓN, DISTRIBUCIÓN, ETC.
Lugar de publicación, distribución, etc. Santo Domingo. :
Nombre del editor, distribuidor, etc. CIEMPS Editorial.,
Fecha de publicación, distribución, etc. 1999.
300 ## - DESCRIPCIÓN FÍSICA
Extensión 132 p. :
Otras características físicas il ;
Dimensiones 21 cm.
700 1# - PUNTO DE ACCESO ADICIONAL--NOMBRE DE PERSONA
Nombre de persona Arvelo, Alejandro,
Término indicativo de función/relación pról.
9 (RLIN) 147
Existencias
Estado de retiro Estado de pérdida Restricciones de uso No para préstamo Código de colección Localización permanente Ubicación/localización actual Ubicación en estantería Fecha de adquisición Número de inventario Total de préstamos Signatura topográfica completa Código de barras Fecha visto por última vez Número de copia Precio válido a partir de Tipo de ítem Koha
        Dominicana de Servicio General General Depósito 01.05.2013 LF1   xxx V648c 6596-30 25.06.2020 e. 3 25.06.2020 Libro y Folleto Colección Dominicana de Servicio
        Dominicana de Servicio General General Depósito 21.06.2013 LF1   xxx V648c 6596-40 25.06.2020 e. 4 25.06.2020 Libro y Folleto Colección Dominicana de Servicio
        Dominicana de Servicio General General Depósito 09.02.2015 LF1   xxx V648c 6596-50 25.06.2020 e. 5 25.06.2020 Libro y Folleto Colección Dominicana de Servicio
        Patrimonio Dominicano Patrimonio Dominicano Patrimonio Dominicano Depósito 01.09.2009 LF1   xxx V648c 6596-10 25.06.2020   25.06.2020 Libro y Folleto Colección Patrimonio Dominicano
    Préstamo restringido Préstamo restrigido Patrimonio Dominicano Patrimonio Dominicano Patrimonio Dominicano Depósito 01.09.2009 LF1   xxx V648c 6596-20 25.06.2020 e. 2 25.06.2020 Libro y Folleto Colección Patrimonio Dominicano

Con tecnología Koha